[Event "Karelia-ch 63rd"]
[Site "Petrozavodsk"]
[Date "2010.02.22"]
[Round "5"]
[White "Khludnev, Kirill"]
[Black "Andronov, Mikhail G"]
[Result "1/2-1/2"]
[WhiteElo "2061"]
[BlackElo "2165"]
[PlyCount "31"]
[EventDate "2010.02.20"]
[EventType "swiss"]
[EventRounds "9"]
[EventCountry "RUS"]
[SourceTitle "CBM 135 Extra"]
[Source "ChessBase"]
[SourceDate "2010.05.04"]
[SourceVersion "1"]
[SourceVersionDate "2010.05.04"]
[SourceQuality "1"]

1. d4 Nf6 2. Nf3 e6 3. e3 b6 4. Bd3 Bb7 5. 0-0 c5 6. c3 Be7 7. Qe2 d5 8. Nbd2 0-0 9. Ne5 Nbd7 10. f4 Ne4 11. Rf3 f6 12. Nxd7 Qxd7 13. Rh3 g6 14. Nf3 a6 15. Bd2 b5 16. a3 1/2-1/2

[Event "Karelian Autumn op-B"]
[Site "Petrozavodsk"]
[Date "2009.10.16"]
[Round "8"]
[White "Andronov, Mikhail G"]
[Black "Gudkov, Gennady I"]
[Result "0-1"]
[WhiteElo "2164"]
[BlackElo "2202"]
[PlyCount "58"]
[EventDate "2009.10.10"]
[EventType "swiss"]
[EventRounds "9"]
[EventCountry "RUS"]
[SourceTitle "EXT 2022"]
[Source "ChessBase"]
[SourceDate "2021.10.06"]
[SourceVersion "1"]
[SourceVersionDate "2021.10.06"]
[SourceQuality "1"]

1. e4 d6 2. d4 g6 3. Nc3 Bg7 4. f4 c6 5. Nf3 Bg4 6. a4 Nf6 7. Bc4 e6 8. e5 dxe5 9. fxe5 Nd5 10. Ne4 0-0 11. 0-0 Nd7 12. c3 c5 13. Bg5 Qb6 14. a5 Qc6 15. Qd3 Bf5 16. Nfd2 cxd4 17. cxd4 Nb4 18. Qe2 Nc2 19. Nf6+ Nxf6 20. exf6 Bh8 21. Nf3 Nxa1 22. Rxa1 Rac8 23. Ne5 Qe4 24. Qd2 Rfd8 25. Rd1 h6 26. Be3 Bxf6 27. Bd3 Qd5 28. Bxf5 exf5 29. Nf3 Qe4 0-1